| 000 | 00468nam a2200157 i 4500 | ||
|---|---|---|---|
| 001 | 70317 | ||
| 003 | ES-MaACL | ||
| 005 | 20230906170802.0 | ||
| 007 | t| | ||
| 008 | 040721q19001999sp ||||1| spa d | ||
| 100 | 1 |
_aGarcía Romero, Antonio. _955217 |
|
| 245 | 1 | 0 |
_aSemillas / _cpor Antonio García Romero. |
| 260 |
_a[Madrid] : _bSección de Publicaciones, Prensa y Propaganda, _c[19--?] |
||
| 300 |
_a172 p. : _bil. ; _c15 cm. |
||
| 852 |
_aES-MaACL _jD-6719 _bR.29827 |
||
| 999 |
_c70317 _d70317 |
||